<?xml version="1.0" encoding="UTF-8"?><?xml-stylesheet type="text/xsl" href="static/style.xsl"?><OAI-PMH xmlns="http://www.openarchives.org/OAI/2.0/" xmlns:xsi="http://www.w3.org/2001/XMLSchema-instance" xsi:schemaLocation="http://www.openarchives.org/OAI/2.0/ http://www.openarchives.org/OAI/2.0/OAI-PMH.xsd"><responseDate>2026-04-14T17:13:02Z</responseDate><request verb="GetRecord" identifier="oai:uvadoc.uva.es:10324/59" metadataPrefix="marc">https://uvadoc.uva.es/oai/request</request><GetRecord><record><header><identifier>oai:uvadoc.uva.es:10324/59</identifier><datestamp>2021-06-23T16:35:32Z</datestamp><setSpec>com_10324_30605</setSpec><setSpec>com_10324_894</setSpec><setSpec>col_10324_41</setSpec></header><metadata><record xmlns="http://www.loc.gov/MARC21/slim" xmlns:doc="http://www.lyncode.com/xoai" xmlns:xsi="http://www.w3.org/2001/XMLSchema-instance" xmlns:dcterms="http://purl.org/dc/terms/" xsi:schemaLocation="http://www.loc.gov/MARC21/slim http://www.loc.gov/standards/marcxml/schema/MARC21slim.xsd">
<leader>00925njm 22002777a 4500</leader>
<datafield tag="042" ind1=" " ind2=" ">
<subfield code="a">dc</subfield>
</datafield>
<datafield tag="720" ind1=" " ind2=" ">
<subfield code="a">Villarroya Lequericaonandía, María Begoña</subfield>
<subfield code="e">author</subfield>
</datafield>
<datafield tag="260" ind1=" " ind2=" ">
<subfield code="c">2001</subfield>
</datafield>
<datafield tag="520" ind1=" " ind2=" ">
<subfield code="a">Se estudian las principales prácticas utilizadas por las empresas para manipular la información incluida en las Cuentas Anuales.&#xd;
En el primer capítulo se analizan los factores que provocan que los administradores de estas sociedades hagan uso o no de estas prácticas de manipulación.&#xd;
Los capítulos 2º y 3º se destinan a analizar la regulación mercantil, administrativa y penal relacionada tanto con las obligaciones en materia contable, como la derivada del incumplimiento de éstas.&#xd;
En el capítulo 4º se realiza un estudio descriptivo de las prácticas de manipulación contable y sus efectos&#xd;
En el 5º se recoge el trabajo empírico con el que pretende determinar las causas y efectos de la manipulación contable en España en el período 1990-1996, así como el perfil de las empresas que las utilizan frente a las que no.&#xd;
Para finalizar se presentan las conclusiones del trabajo realizado.</subfield>
</datafield>
<datafield tag="024" ind2=" " ind1="8">
<subfield code="a">http://uvadoc.uva.es/handle/10324/59</subfield>
</datafield>
<datafield tag="024" ind2=" " ind1="8">
<subfield code="a">b1191584</subfield>
</datafield>
<datafield tag="024" ind2=" " ind1="8">
<subfield code="a">10.35376/10324/59</subfield>
</datafield>
<datafield ind1=" " ind2=" " tag="653">
<subfield code="a">Empresas-Contabilidad-Manipulación</subfield>
</datafield>
<datafield ind1=" " ind2=" " tag="653">
<subfield code="a">Sociedades-Derecho-España-Legislación</subfield>
</datafield>
<datafield tag="245" ind1="0" ind2="0">
<subfield code="a">Alteraciones y manipulaciones de la contabilidad</subfield>
</datafield>
</record></metadata></record></GetRecord></OAI-PMH>